| 000 | 00607nam a2200217Ia 4500 | ||
|---|---|---|---|
| 003 | OSt | ||
| 005 | 20220225145304.0 | ||
| 008 | 210716s2006 xx 000 0 und d | ||
| 020 | _a9780324311556 | ||
| 040 | _cAIMIT LIBRARY | ||
| 041 | _aeng | ||
| 082 |
_a658.001 _21 _bHIRM |
||
| 100 |
_aHirschey, Mark. _922041 |
||
| 245 |
_aBasic economics for managers / _cBy Mark Hirschey. |
||
| 250 | _a1st ed. | ||
| 260 |
_aAustralia : _bThomson south western , _c2006 . |
||
| 300 | _axix,666 | ||
| 650 |
_aDemand forecasting. _922042 |
||
| 650 |
_aLaw of supply. _922043 |
||
| 942 |
_2ddc _cBK _e1st _k658.001 HIRM |
||
| 999 |
_c205891 _d205891 |
||